Statistics for Every Player to Win the FWA Footballer of the Year Award

Click here to take the quiz!

General Stats

  • This quiz has been taken 22 times
  • The average score is 31 of 74

Answer Stats

YearPlayerClubNationality% Correct
2017-18Mohamed SalahLiverpoolEgyptian
95%
2006-07Cristiano RonaldoManchester UnitedPortuguese
89%
2007-08Cristiano RonaldoManchester UnitedPortuguese
89%
2014-15Eden HazardChelseaBelgian
89%
2004-05Frank LampardChelseaEnglish
89%
2013-14Luis SuárezLiverpoolUruguayan
89%
2003-04Thierry HenryArsenalFrench
89%
2005-06Thierry HenryArsenalFrench
89%
2002-03Thierry HenryArsenalFrench
89%
2012-13Gareth BaleTottenham HotspurWelsh
84%
2015-16Jamie VardyLeicester CityEnglish
84%
2011-12Robin Van PersieArsenalDutch
84%
2009-09Steven GerrardLiverpoolEnglish
84%
1997-98Dennis BergkampArsenalDutch
79%
1995-96Eric CantonaManchester UnitedFrench
79%
2016-17N'Golo KantéChelseaFrench
79%
2009-10Wayne RooneyManchester UnitedEnglish
79%
1993-94Alan ShearerBlackburn RoversEnglish
74%
1996-97Gianfranco ZolaChelseaItalian
74%
2019-20Jordan HendersonLiverpoolEnglish
74%
2018-19Raheem SterlingManchester CityEnglish
74%
1967-68George BestManchester UnitedNorthern Irish
68%
2001-02Robert PiresArsenalFrench
68%
1999-2000Roy KeaneManchester UnitedIrish
68%
2000-01Teddy SheringhamManchester UnitedEnglish
68%
1965-66Bobby CharltonManchester UnitedEnglish
63%
1966-67Jack CharltonLeeds UnitedEnglish
63%
1991-92Gary LinekerTottenham HotspurEnglish
58%
1985-86Gary LinekerEvertonEnglish
58%
1982-83Kenny DalglishLiverpoolScottish
58%
1978-79Kenny DalglishLiverpoolScottish
58%
1958-59Syd OwenLuton TownEnglish
53%
1963-64Bobby MooreWest Ham UnitedEnglish
47%
1998-99David GinolaTottenham HotspurFrench
47%
1983-84Ian RushLiverpoolWelsh
47%
1994-95Jürgen KlinsmannTottenham HotspurGerman
47%
1951-52Billy WrightWolverhampton WanderersEnglish
37%
1971-72Gordon BanksStoke CityEnglish
37%
1987-88John BarnesLiverpoolEnglish
37%
1989-90John BarnesLiverpoolEnglish
37%
1975-76Kevin KeeganLiverpoolEnglish
37%
1947-48Stanley MatthewsBlackpoolEnglish
32%
1962-63Stanley MatthewsStoke CityEnglish
32%
1992-93Chris WaddleSheffield WednesdayEnglish
21%
1986-87Clive AllenTottenham HotspurEnglish
21%
1972-73Pat JenningsTottenham HotspurNorthern Irish
21%
2010-11Scott ParkerWest Ham UnitedEnglish
21%
1976-77Emlyn HughesLiverpoolEnglish
16%
1990-91Gordon StrachanLeeds UnitedScottish
16%
1984-85Neville SouthallEvertonWelsh
16%
1969-70Billy BremnerLeeds UnitedScottish
11%
1960-61Danny BlanchflowerTottenham HotspurNorthern Irish
11%
1957-58Danny BlanchflowerTottenham HotspurNorthern Irish
11%
1970-71Frank McLintockArsenalScottish
11%
1973-74Ian CallaghanLiverpoolEnglish
11%
1977-78Kenny BurnsNottingham ForestScottish
11%
1979-80Terry McDermottLiverpoolEnglish
11%
1956-57Tom FinneyPreston North EndEnglish
11%
1953-55Tom FinneyPreston North EndEnglish
11%
1955-56Bert TrautmannManchester CityGerman
5%
1964-65Bobby CollinsLeeds UnitedScottish
5%
-Dave MackayDerby CountyScottish
5%
1954-55Don RevieManchester CityEnglish
5%
1948-49Johnny CareyManchester UnitedIrish
5%
1988-89Steve NicolLiverpoolScottish
5%
1981-82Steve PerrymanTottenham HotspurEnglish
5%
1968-69Tony BookManchester CityEnglish
5%
1974-75Allan MulleryFulhamEnglish
0%
1959-60Bill SlaterWolverhampton WanderersEnglish
0%
1980-81Frans ThijssenIpswich TownDutch
0%
1950-51Harry JohnstonBlackpoolEnglish
0%
1961-62Jimmy AdamsonBurnleyEnglish
0%
1949-50Joe MercerArsenalEnglish
0%
1952-53Nat LofthouseBolton WanderersEnglish
0%

Score Distribution

Percentile by Number Answered

Percent of People with Each Score

Your Score History

You have not taken this quiz